| 000 | 00618nam a2200217Ia 4500 | ||
|---|---|---|---|
| 005 | 20241129120205.0 | ||
| 008 | 241129s9999||||xx |||||||||||||| ||und|| | ||
| 020 | _a9780198823995 | ||
| 037 | _aTB | ||
| 040 |
_aSDCL _beng _cSDCL |
||
| 041 |
_aeng _2eng |
||
| 084 |
_aV2.6G:71'C, Q7 LR _qSDCL |
||
| 100 |
_aMallet Victor _9389045 |
||
| 245 | 0 | _aRiver of life of death: The ganges and India's future | |
| 260 |
_aNew Delhi _bOxford University Press _c2017 |
||
| 300 | _axix,316p. | ||
| 365 |
_aINR _b550 |
||
| 650 | _aReference | ||
| 942 |
_cTB _hV2.6G:71'C, Q7 LR |
||
| 999 |
_c1233728 _d1233728 |
||